Catàleg del Col·legi de Periodistes de Catalunya

La información binaria (Registre núm. 6445)

000 -CABECERA
Longitud fija campo de control 00625nam a22002057a 4500
003 - IDENTIFICADOR DEL NÚMERO DE CONTROL
Identificador del número de control OSt
005 - FECHA Y HORA DE LA ÚLTIMA TRANSACCIÓN
Fecha y hora de la última transacción 20131115122605.0
008 - CÓDIGOS DE INFORMACIÓN DE LONGITUD FIJA
Códigos de información de longitud fija 130611s1994 sp ||||| |||| 00| 0 spa d
020 ## - NÚMERO INTERNACIONAL NORMALIZADO PARA LIBROS
Número Internacional Normalizado para Libros (ISBN) 8460507378
040 ## - FUENTE DE LA CATALOGACIÓN
Centro transcriptor CDMR
100 1# - PUNTO DE ACCESO PRINCIPAL-NOMBRE DE PERSONA
9 (RLIN) 2089
Nombre de persona Reig, Ramón
245 13 - MENCIÓN DE TÍTULO
Título La información binaria
Resto del título : emotividad y simplicidad en el periodismo
Mención de responsabilidad, etc. Ramón Reig
260 ## - PUBLICACIÓN, DISTRIBUCIÓN, ETC. (PIE DE IMPRENTA)
Lugar de publicación, distribución, etc. Sevilla
Nombre del editor, distribuidor, etc. Gallo de Vidrio
Fecha de publicación, distribución, etc. 1994
300 ## - DESCRIPCIÓN FÍSICA
Extensión 208 p.
490 ## - MENCIÓN DE SERIE
Mención de serie El Desván
Designación de volumen o secuencia 5
650 04 - PUNTO DE ACCESO ADICIONAL DE MATERIA - TÉRMINO DE MATERIA
9 (RLIN) 4097
Término de materia o nombre geográfico como elemento inicial Anàlisi de contingut (Comunicació)
650 04 - PUNTO DE ACCESO ADICIONAL DE MATERIA - TÉRMINO DE MATERIA
9 (RLIN) 3099
Término de materia o nombre geográfico como elemento inicial Sensacionalisme en la premsa
650 04 - PUNTO DE ACCESO ADICIONAL DE MATERIA - TÉRMINO DE MATERIA
9 (RLIN) 166
Término de materia o nombre geográfico como elemento inicial Publicitat
Subdivisión de materia general Aspectes ètics i morals
942 ## - ENTRADA DE ELEMENTOS AGREGADOS (KOHA)
Fuente de clasificaión o esquema
Koha [por defecto] tipo de item Monografies
Fons
Suprimido Perdido Estropeado No para préstamo Localización permanente Localización actual Fecha adquisición Préstamos totales Signatura completa Código de barras Fecha última consulta Fecha del precio de reemplazo Tipo de item de Koha
        Centre de Documentació Montserrat Roig Centre de Documentació Montserrat Roig 2013-01-16   Dc 8/7 CDMR13066671 2013-06-11 2013-06-11 Monografies

Implantat amb Koha